Score 0/30 Timer 04:00
0 Plays Today
Clue 4-Letter Word % Correct
Solid mineral material; a boulderROCK
97.2%
Harbor structureDOCK
92.3%
Like some humor or chocolateDARK
88.6%
Social misfitDORK
87.6%
Production on a stagePLAY
85.8%
Ask for divine guidancePRAY
85.7%
VoicedSAID
85.2%
Young horseFOAL
82.8%
Fine-grained sediment carried downstream by flowing waterSILT
82.7%
Mast attachmentSAIL
82.3%
Cappuccino topperFOAM
82.1%
Place for a flowerpotSILL
81.7%
Move quicklyDART
81.2%
Black and whiteGRAY
81.1%
Road deicing agentSALT
80.7%
Clue 4-Letter Word % Correct
Batch of laundryLOAD
80%
Diploma holderGRAD
78.9%
Pepper dispenserMILL
78.5%
Stephen King's was ''Green''MILE
78%
Volcanic glass that has broken down into a single mineralSAND
77.8%
Layer made of organic matter, minerals, and nutrientsSOIL
77.1%
Went underwaterSANK
75.8%
Mixture of mineral fragments and decayed organic matterDIRT
75.1%
Fencing toolFOIL
75.1%
Provoke, sometimes with a stickGOAD
74.7%
Soft, loose earthy material made from weathered graniteCLAY
74.3%
Polio vaccinatorSALK
73.6%
A mixture of the other materials featured in this word ladderLOAM
73.5%
Urgent or seriousDIRE
72%
Swampy bogMIRE
69.7%

Today's Daily Dose

Remove Ads.
Support Sporcle.
Get the best of Sporcle when you Go Orange. This ad-free experience offers more features, more stats, and more fun while also helping to support Sporcle. Thank you for becoming a member.

You're not logged in!

Compare scores with friends on all Sporcle quizzes.
OR
Log In

Show Comments

Extras

Top Quizzes Today


Score Distribution

Your Account Isn't Verified!

In order to create a playlist on Sporcle, you need to verify the email address you used during registration. Go to your Sporcle Settings to finish the process.

Report this User

Report this user for behavior that violates our Community Guidelines.

Details: